<?xml version="1.0" encoding="UTF-8"?>
<record
    xmlns:xsi="http://www.w3.org/2001/XMLSchema-instance"
    xsi:schemaLocation="http://www.loc.gov/MARC21/slim http://www.loc.gov/standards/marcxml/schema/MARC21slim.xsd"
    xmlns="http://www.loc.gov/MARC21/slim">

  <leader>02128nam a2200205   4500</leader>
  <controlfield tag="005">20260202152905.0</controlfield>
  <controlfield tag="008">260128b        |||||||| |||| 00| 0 eng d</controlfield>
  <datafield tag="020" ind1=" " ind2=" ">
    <subfield code="a">9781620331408</subfield>
  </datafield>
  <datafield tag="041" ind1=" " ind2=" ">
    <subfield code="a">English</subfield>
  </datafield>
  <datafield tag="082" ind1=" " ind2=" ">
    <subfield code="a">745.5</subfield>
    <subfield code="b">PEC</subfield>
  </datafield>
  <datafield tag="100" ind1=" " ind2=" ">
    <subfield code="a">Peck Denise</subfield>
    <subfield code="9">216514</subfield>
  </datafield>
  <datafield tag="245" ind1=" " ind2=" ">
    <subfield code="a">Wire+Metal: 30 Easy Metalsmithing Designs</subfield>
  </datafield>
  <datafield tag="260" ind1=" " ind2=" ">
    <subfield code="b">Interweave</subfield>
    <subfield code="c">2014</subfield>
  </datafield>
  <datafield tag="300" ind1=" " ind2=" ">
    <subfield code="a">143</subfield>
  </datafield>
  <datafield tag="365" ind1=" " ind2=" ">
    <subfield code="b">1393.23</subfield>
    <subfield code="c">Rs.00</subfield>
  </datafield>
  <datafield tag="520" ind1=" " ind2=" ">
    <subfield code="a">Chapter 1
&#x2022;	Metal 101
&#x2022;	Metal Types
&#x2022;	Metal Materials
&#x2022;	Gauge/Size
&#x2022;	Temper/Hardness
Chapter 2 Measuring + Cutting
&#x2022;	Measuring Tools + Methods
&#x2022;	Cutting Tools + Methods
                                                          Chapter 3 Working with Flame
&#x2022;	Basic Tools
&#x2022;	Annealing
&#x2022;	Balling the End of Wire
Chapter 4 Texturing
&#x2022;	Utility Tools for Texturing
&#x2022;	Texturing Tools
Chapter 5 Forming
&#x2022;	Forming Tools
&#x2022;	Other Useful Tools
&#x2022;	Forming with Wire
Chapter 6 Cold Connections
&#x2022;	Riveting Tools + Techniques
&#x2022;	Micro Screws + Nuts
&#x2022;	Glue
&#x2022;	Other Useful Tools for Cold Connections
Chapter 7 Patina + Color
&#x2022;	Patina + Coloring Tools
&#x2022;	Other Useful Tools for Patina + Color
&#x2022;	Chapter 8 Finishing
&#x2022;	Finishing Tools
&#x2022;	Sealants

Spinner, Kristi Evenson
Metal Petals, Jane Dickerson
Shadow, Jane Dickerson
Pink Petals, Denise Peck
Ring Around the Rosy, Jane Dickerson
Blue Moon, Jane Dickerson
Heaven's Gate, Denise Peck
Sunday Afternoon, Denise Peck
Inner Vision, Jane Dickerson
Eco Revival, Jane Dickerson
Terra-cotta Sunset, Denise Peck
Urban Cowgirl, Jane Dickerson
Ticket to Ride, Kristi Evenson
Three's a Crowd, Denise Peck
SilverWear, Jane Dickerson
Drink It All In, Cassie Donlen
Saucy, Denise Peck
Calliope, Denise Peck
Doorknocker, Keirsten Giles
Band It!, Cassie Donlen
Cummerbund, Kerry Bogert
Corbel, Keirsten Giles
Shattered, Denise Peck
Sedona, Keirsten Giles
Impression, Kerry Bogert
Enchanted, Cassie Donlen
Bubbles, Denise Peck
Camelot, Jane Dickerson
Loose Change, Keirsten Giles
Silk Road, Keirsten Giles

</subfield>
  </datafield>
  <datafield tag="650" ind1=" " ind2=" ">
    <subfield code="a">Jewellery</subfield>
  </datafield>
  <datafield tag="700" ind1=" " ind2=" ">
    <subfield code="a">Dickerson Jane</subfield>
    <subfield code="9">216516</subfield>
  </datafield>
  <datafield tag="942" ind1=" " ind2=" ">
    <subfield code="c">BK</subfield>
  </datafield>
  <datafield tag="999" ind1=" " ind2=" ">
    <subfield code="c">370218</subfield>
    <subfield code="d">370218</subfield>
  </datafield>
  <datafield tag="952" ind1=" " ind2=" ">
    <subfield code="0">0</subfield>
    <subfield code="1">0</subfield>
    <subfield code="2">ddc</subfield>
    <subfield code="4">0</subfield>
    <subfield code="7">0</subfield>
    <subfield code="a">SOFT</subfield>
    <subfield code="b">SOFT</subfield>
    <subfield code="d">2026-01-27</subfield>
    <subfield code="e">Design Book Studio</subfield>
    <subfield code="g">1393.23</subfield>
    <subfield code="i">281</subfield>
    <subfield code="l">0</subfield>
    <subfield code="o">745.5 PEC</subfield>
    <subfield code="p">SOFT-BK-4895</subfield>
    <subfield code="r">2026-01-28 08:11:50</subfield>
    <subfield code="t">33%</subfield>
    <subfield code="v">2079.45</subfield>
    <subfield code="w">2025-12-12</subfield>
    <subfield code="y">BK</subfield>
  </datafield>
</record>
